| 000 | 01220cab a22002175a 4500 | ||
|---|---|---|---|
| 001 | L149024 | ||
| 008 | 091215e20091204xxkd f f000 0 eng d | ||
| 035 | _a(Sirsi) u149024 | ||
| 041 | 0 | _aeng | |
| 110 | 2 |
_aUnited Kingdom _bOffice of National Statistics _92035 |
|
| 245 | 0 | 0 |
_aOutput in the construction industry _bthird quarter 2009 _h[electronic resource] |
| 260 | _c2009 | ||
| 490 |
_aONS Statistical Bulletin _v(Third quarter 2009) 4 December 2009 |
||
| 520 | _aProvides statistics on the output of the construction industry in Great Britain for the third quarter 2009. Reports that the total output in construction volume is 2% lower than it was in the second quarter 2009. The total construction output for the 12 months leading to the third quarter 2009 was 11% lower compared with the 12 previous months. | ||
| 590 | _aKA NTK | ||
| 650 | 2 | 4 | _aONS OUTPUT IN THE CONSTRUCTION INDUSTRY |
| 651 | 4 |
_aGreat Britain _y1707- |
|
| 690 | _aBUILT ENVIRONMENT-CONSTRUCTION MARKET | ||
| 856 | 4 | 0 |
_uhttps://www.ons.gov.uk/ons/rel/construction/output-and-employment-in-the-construction-industry/q3-2009/q3-2009-statistical-bulletin.pdf _zView the statistical bulletin free of charge online at www.ons.gov.uk... |
| 942 | _n0 | ||
| 999 |
_c82030 _d82030 |
||